000 01020nam a2200313 a 4500
005 20200104041529.0
008 140304s2001 wauo fr|||| 000 0 eng d
040 _aCO-BoIAVH
_cCO-BoIAVH
041 0 _aeng
044 _axxu
082 0 4 _a577
_bA45b
100 1 _aAlonso, Alfonso
_eEditor
245 1 0 _aBiodiversity connecting with the tapestry of life
260 _aWashington :
_bSmithsonian Institution,
_c2001.
300 _a31 páginas :
_bFotografías ;
_c28 x 22 cm.
650 1 6 _aBiodiversidad
650 2 6 _aDiversidad genética
650 2 6 _aDiversidad de ecosistemas
650 2 6 _aServicios ambientales
650 2 6 _aPérdida de biodiversidad
650 2 6 _aConservación de biodiversidad
650 2 6 _aInvestigación
650 2 6 _aDesarrollo sostenible
662 _aEstados Unidos de Norteamérica
700 1 _aRaven, Peter H.
700 1 _aDallmeire, Francisco
700 1 _aGranek, Elise
942 _cLIBRO
_2ddc
999 _c2190
_d2190